000 00745nam a2200253Ia 4500
003 GCL
008 140319s9999 xx 000 0 ara d
040 _aGCL /
_cGCL
082 0 4 _a811.1
_bل ك
100 1 _aلويس شيخو
245 1 0 _aكتاب شعراء النصرانية فى الجاهلية /
_cلويس شيخو
260 _a[S.N] :
_bمكتبة الجلاء
300 _aمتعدد
490 _a
650 0 4 _aالشعر العربى
650 0 4 _aالعصر الجاهلى
650 0 4 _aدواوين وقصائد
650 0 4 _aالشعراء العرب
650 0 4 _aالشعر
650 0 4 _aالادب المسيحى
650 0 4 _aالشعر المسيحى
650 0 4 _aتاريخ ونقد
942 _2ddc
_cBK
999 _c29371
_d29371